Größte Gemeinden Vorarlbergs - Statistiken

Allgemein
  • Dieses Quiz wurde 177 mal gespielt
  • Das Durchschnittsergebnis liegt bei 28 aus 50
Antwortstatistiken
Einwohner Bezirk Gemeinde % Korrekt
29.762 Bregenz Bregenz
99%
49.563 Dornbirn Dornbirn
99%
33.862 Feldkirch Feldkirch
99%
14.645 Bludenz Bludenz
97%
16.560 Dornbirn Hohenems
95%
22.918 Dornbirn Lustenau
92%
13.614 Bregenz Hard
85%
11.837 Feldkirch Rankweil
85%
11.709 Feldkirch Götzis
83%
10.281 Bregenz Lauterach
81%
8.451 Bregenz Wolfurt
74%
6.753 Feldkirch Altach
73%
5.748 Bregenz Lochau
71%
6.450 Feldkirch Frastanz
66%
3.868 Bludenz Schruns
66%
8.046 Bregenz Höchst
65%
6.395 Bregenz Hörbranz
63%
6.198 Bludenz Nenzing
63%
4.984 Bludenz Nüziders
59%
3.553 Bregenz Egg
55%
3.919 Bregenz Fußach
53%
3.281 Bludenz Bürs
50%
3.079 Feldkirch Klaus
50%
4.643 Feldkirch Koblach
50%
2.582 Feldkirch Sulz
50%
2.371 Bludenz Bludesch
49%
1.844 Bregenz Gaißau
49%
2.020 Bregenz Bezau
48%
3.247 Bregenz Alberschwende
47%
3.965 Bregenz Schwarzach
47%
3.515 Bludenz Ludesch
46%
4.057 Feldkirch Mäder
46%
1.944 Feldkirch Röthis
46%
2.638 Bregenz Andelsbuch
45%
2.239 Bludenz Thüringen
45%
3.320 Feldkirch Göfis
44%
2.282 Feldkirch Meiningen
43%
2.738 Feldkirch Satteins
42%
2.055 Bregenz Hittisau
40%
2.100 Feldkirch Weiler
39%
1.945 Bregenz Kennelbach
38%
2.441 Feldkirch Schlins
38%
2.197 Bludenz Tschagguns
38%
2.653 Bludenz Vandans
33%
1.826 Bregenz Schwarzenberg
32%
3.257 Feldkirch Zwischenwasser
32%
5.100 Bregenz Mittelberg
29%
2.226 Bludenz St. Gallenkirch
27%
1.825 Bregenz Sulzberg
26%
2.383 Bludenz Bartholomäberg
21%
Keine übereinstimmenden Quizze gefunden
Verteilung der Resultate
Anzahl Personen mit jedem Resultat
Perzentil nach korrekt beantworteten Fragen
Ihre Resultats-Entwicklung
Sie haben dieses Quiz noch nicht gespielt